000 03368nab a2200325 i 4500
003 BR-BrBNA
005 20250318152604.0
008 250318b2017 bl.|r|pooa||| 00| 0 eng |
040 _aBR-BrBNA
_beng
072 _aL70
_b5120
100 _aBomfim, M.M.
100 _aSattin, W.R.
100 _a Carvalho, S.F.
100 _aGobesso, A.A.O.
100 _aDória, R.S.G.
100 _aLeite-Dellova, D.C.A.
245 _aPhysical and electrocardiographic evaluation of horses used for wagon traction
500 _a Publicação online; 16 ref.; 2 tables; Summaries (En, Pt)
520 _a ABSTRACT - The objective of this research was to evaluate the electrocardiogram (ECG) of horses used for wagon traction and to compare the results with the parameters obtained from inactive horses or horses submitted to a training routine. Fifty-six 3-15-year-old healthy horses (22 females and 34 males) were divided into three groups: control (without a work routine; N=21), wagon traction (N=25) and athlete (N=10) and submitted to physical examination and ECG (at rest). The rhythm, heart rate (HR), amplitude and duration of ECG waveforms and intervals were obtained from the frontal plane and base-apex leads. Heart score (HS) was calculated using the arithmetic mean of QRS duration in LI, LII and LIII. Measurements of ECG waves were smaller in control group, in comparison with wagon traction and athlete groups, suggesting that exercise can change ECG. Similar results were observed in the wagon traction and athlete groups, but the electrophysiological adjustments to exercise were not the same for these groups. Keywords: ECG, equine, cart horses, cardiovascular system, heart score
520 _a RESUMO - O objetivo deste trabalho foi avaliar o eletrocardiograma (ECG) de cavalos que tracionavam carroças (carroceiros; N=25), comparando os resultados com os parâmetros de cavalos que não realizavam essa atividade (controles; N=21), ou que apresentavam uma rotina de treinamento (atletas; N=10). O ECG foi precedido pelo exame físico do animal e, a partir das derivações no plano frontal e na base-ápice, determinou-se o ritmo, a frequência cardíaca, a amplitude e a duração das ondas e dos intervalos, em repouso. O escore cardíaco foi calculado pela média aritmética da duração do complexo QRS em DI, DII e DIII. O grupo controle apresentou menores valores de amplitude e duração das ondas do ECG, em comparação aos grupos carroceiro e atleta, sugerindo que o exercício pode alterar o ECG. Resultados semelhantes foram observados nos grupos carroceiro e atleta; contudo, os ajustes eletrofisiológicos ao exercício não foram os mesmos para esses dois grupos. Palavras-chave: ECG, equinos, tração de carroças, sistema cardiovascular, escore cardíaco
650 _aCAVALO
650 _aELETROCARDIOGRAMA
650 _aCOMPORTAMENTO ANIMAL
650 _aAPARELHO CIRCULATÓRIO
650 _aVETERINÁRIA
773 0 _01643
_9349155
_dBelo Horizonte-MG Universidade Federal de Minas Gerais - Escola de Veterinaria 1983
_o2025-1673
_tArquivo Brasileiro de Medicina Veterinária e Zootecnia (Brazil)
_x0102-0935
_gv. 69(2) p. 371-376; (2017)
_wBR2025000135
856 _uhttps://www.scielo.br/j/abmvz/a/gHtM6TgDZ9pWRXx8dTpN4wC/?format=pdf&lang=en
942 _cANA
999 _c330493
_d330493